Titoli di film che contengono animali #1 - Statistics

Statistiche generali
  • Questo quiz è stato fatto 357 volte
  • Il punteggio medio è 8 su 10
Statistiche sulle risposte
Titoli dei film (incompleti) Animali % Corretto
Il re ________ Leone
99%
Kung fu ________ Panda
98%
Balla coi ________ Lupi
90%
La ________ rosa Pantera
88%
L'uomo che sussurrava ai ________ Cavalli
86%
L'________ assassina Orca
80%
________ in fuga Galline
78%
La marcia dei ________ Pinguini
65%
Dove osano le _________ Aquile
51%
La ________ e la bambina Volpe
39%
Nessun quiz corrispondente trovato
Distribuzione punteggi
Percentuale di utenti per punteggio
Percentile per numero di risposta
I tuoi punteggi nel tempo
Non hai fatto questo quiz